Guess the landmarks by picture #3 - Statistics

General Stats
  • This quiz has been taken 31 times
  • The average score is 8 of 16
Answer Stats
Picture Answer % Correct
Times Square
96%
Sphinx
92%
Mount Fuji
88%
Petra
71%
CN Tower
63%
St Basil's Cathedral
63%
Hagia Sophia
58%
Table Mountain
50%
Dome of The Rock
46%
Giant's Causeway
46%
Kaaba
42%
Gateway Arch
33%
Florence Cathedral
29%
Alhambra
25%
St Peter's Basilica
25%
Edinburgh Castle
17%
No matching quizzes found
Score Distribution
Percent of People with Each Score
Percentile by Number Answered
Your Score History
You have not taken this quiz